000 00841pam a2200241 a 4500
001 3433384
005 20180309035218.0
008 910726s1992 ilua b s000 0deng
010 _a 91029946
020 _a0252061705 (pbk. : alk. paper)
040 _aDLC
_cDLC
_dDLC
041 _aeng
043 _an-us---
080 _a304.87300922 NAM
082 0 0 _a304.87300922 NAM
_aB
_220
100 _a16
101 _aHIS
245 0 0 _aFirst generation :
_c[compiled by] June Namias ; foreword by Robert Coles.
504 _aIncludes bibliographical references (p. [269]-278).
906 _a7
_bcbc
_corignew
_d1
_eocip
_f19
_gy-gencatlg
942 _2ddc
_cBK
999 _c44540
_d44540